00754nam a2200157Ia 4500008004100000100002700041245011000068245017600178260005300354260001300407300000800420650001500428856006100443999001900504952007300523170221s9999 xx 000 0 und d aLiudmila A. Rapatskaia aManagement of Students Professional Competencies Formation on the basis of Interdisciplinary Integration  cLiudmila A. Rapatskaia, Elena V. Alekseeva, Elvira M. Vorontsova, Valentina V. Konstantinova, Aida G. Sadykova, Konstantin B. Tumarov, Anna S. Streltsova, Fedor F. Timirov bInternational Review of Management and Marketing cMay 2014 a3:2 xMarketing. uhttp://www.econjournals.com/index.php/irmm/issue/view/71 c310248d310248 001040aCLbCLd2017-02-21l0r2017-02-21 00:00:00w2017-02-21yFOJ